Psychologie de l'enseignement (notice n° 1925204)

détails MARC
000 -LEADER
fixed length control field 01962cam a2200145 4500500
005 - DATE AND TIME OF LATEST TRANSACTION
control field 20260329023152.0
041 ## - LANGUAGE CODE
Language code of text/sound track or separate title fre
042 ## - AUTHENTICATION CODE
Authentication code dc
100 10 - MAIN ENTRY--PERSONAL NAME
Personal name Toczek, Marie-Christine
Relator term author
245 00 - TITLE STATEMENT
Title Psychologie de l'enseignement
260 ## - PUBLICATION, DISTRIBUTION, ETC.
Name of publisher, distributor, etc. Armand Colin,<br/>
Date of publication, distribution, etc. 2006.<br/>
520 ## - SUMMARY, ETC.
Summary, etc. Psychologie de l’enseignement constitue une introduction à la connaissance des apprentissages scolaires.Son originalité est de réunir des informations scientifiques et pratiques sur les mécanismes cognitifs d’apprentissage (connaissances, stratégies, lecture, compréhension, etc.) et sur les situations d’enseignement-apprentissage (classe, groupes d’apprentissage, motivation, différences, etc.). Les nombreux repères théoriques sont régulièrement rapprochés des questions concrètes liées à l’organisation, la conduite et l’analyse des situations scolaires.Outil de compréhension et d’enrichissement des pratiques d’enseignement, ce livre intéressera aussi bien les candidats aux concours d’enseignement que les professionnels de l’éducation et de la formation ou les parents d’élèves.Jean-Noël FOULIN est maître de conférences en psychologie à l’IUFM d’Aquitaine.Marie-Christine TOCZEK est maître de conférences en psychologie à l’IUFM d’Auvergne.Apprendre des connaissances : savoir et savoir-faire. Les connaissances déclaratives.Apprendre des savoir-faire. Les stratégies cognitives. Les métaconnaissances. Apprendre à lire et comprendre. Apprendre à identifier les mots. Apprendre à comprendre. La classe.  Une classe, un groupe avant tout !  Travailler en groupe… oui mais comment ? Enseigner, c’est influencer. Les élèves.  La motivation. Égalités, inégalités et différences. Des situations scolaires « à risques ».
700 10 - ADDED ENTRY--PERSONAL NAME
Personal name Foulin, Jean-Noël
Relator term author
856 41 - ELECTRONIC LOCATION AND ACCESS
Uniform Resource Identifier <a href="https://shs.cairn.info/psychologie-de-l-enseignement--9782200341725?lang=fr&redirect-ssocas=7080">https://shs.cairn.info/psychologie-de-l-enseignement--9782200341725?lang=fr&redirect-ssocas=7080</a>

Pas d'exemplaire disponible.

PLUDOC

PLUDOC est la plateforme unique et centralisée de gestion des bibliothèques physiques et numériques de Guinée administré par le CEDUST. Elle est la plus grande base de données de ressources documentaires pour les Étudiants, Enseignants chercheurs et Chercheurs de Guinée.

Adresse

627 919 101/664 919 101

25 boulevard du commerce
Kaloum, Conakry, Guinée

Réseaux sociaux

Powered by Netsen Group @ 2025